000 01192nam a22002295i 4500
001 154842
003 ES-MaACL
005 20250811030208.0
008 990205s1866 sp |||| | spa d
040 _aCCPB | B
_bspa
_cCCPB | B
100 1 _aGüell y Renté, José (
_d1818-1884)
_9127739
245 1 0 _aOrígen y reflexiones hechas al gobierno y á las Córtes sobre la consignacion de tres millones quinientos mil reales asignada á ... Francisco de Paula y sus hijos habidos con S.A.R. la Infanta doña Carlota de Borbón, á fin de aclarar el modo de su aplicación entre los infantes sus hijos /
_cpor José Güell y Renté.
260 _aMadrid :
_b[s.n.],
_c1866 (
_fImprenta de M. Tello)
300 _a40 p. ;
_c21 cm.
530 _aDisponible en formato digital.
600 1 4 _aBorbón, Francisco de Paula de,
_cInfante de España,
_d1794-1865
_9126077
610 1 7 _aEspaña.
_bCasa de Su Majestad el Rey
_2
_9158659
852 _aES-MaACL
_jT-418-F-7
_z-- Enc. hol., falto de la cub. original
_z-- Enc. en un vol. facticio
856 _uhttp://bdh-rd.bne.es/viewer.vm?id=0000133062&page=1
_zBiblioteca Digital Hispánica
942 _2udc
999 _c154842
_d154842